000 00335 a2200157 4500
001 56709
020 _a8502049666
040 _cAnchieta - Pituba
100 _aAlbergaria, Lino de
240 1 0 _aO menino e o mar
_lpor
245 1 0 _aO menino e o mar
300 _a63
362 0 _a2005
650 4 _aLiteratura juvenil
942 _cBK
999 _c56709
_d56709